Круг чтения. Избранные,собранные и расположенные на каждый день Львом Толстым мысли многих писателей об истине, жизни и поведении: в 2-х томах. 4-х частях; Т. 1. Ч. 1

Detalhes bibliográficos
Autor principal: Толстой Л. Н. Лев Николаевич
Outros Autores: Азарова Н. И. Наталья Ивановна (автор предисловия)
Resumo:Ч. 1 и Ч. 2 имеют сплошную нумерацию стр.
Репринтное воспроизведение мздания 1911 г. М., Типо-литогр. И. Н.Кушнерев и Ко, издание "Посредника".
Своеобразный философский "календарь" - "Круг чтения" - день за днем освещает многогранную и духовную жизнь человека.Л. Н. Толстой знакомит читателей с изречениями великих мудрецов о Боге и Разуме, вере и неверии, любви и самоотречении и многом другом. Здесь изречения евангельской мудрости, афоризмы из Талмуда, Корана, буддийского и конфуцианского учений. Тематический подбор изречений сочетается с "житиями" - краткими биографиями мудрецов, таких, как Будда, Сократ, Паскаль и др. Особую эмоциональную роль выполняют включенные в систему "Круга" произведения художетвенной литературы.
Idioma:russo
Publicado em: Москва, Наше наследие, 1991
Edição:Репр. изд.
Assuntos:
Formato: MixedMaterials Livro
KOHA link:https://koha.lib.tpu.ru/cgi-bin/koha/opac-detail.pl?biblionumber=167060

MARC

LEADER 00000nam0a2200000 4500
001 167060
005 20241017063203.0
010 |a 5853024973 
035 |a (RuTPU)RU\TPU\book\181215 
090 |a 167060 
100 |a 20091012e1991 em y0rusy50 ca 
101 0 |a rus 
102 |a RU 
105 |a y z 001zd 
200 1 |a Круг чтения. Избранные,собранные и расположенные на каждый день Львом Толстым мысли многих писателей об истине, жизни и поведении  |e в 2-х томах. 4-х частях  |f Л. Н. Толстой  |g авт. предисл. Н. И. Азарова  |h Т. 1. Ч. 1 
205 |a Репр. изд. 
210 |a Москва  |c Наше наследие  |d 1991 
215 |a XXII, 4, 263 с.  |d 21,5 см. 
300 |a Ч. 1 и Ч. 2 имеют сплошную нумерацию стр. 
300 |a Репринтное воспроизведение мздания 1911 г. М., Типо-литогр. И. Н.Кушнерев и Ко, издание "Посредника". 
320 |a Примечания: с. XX-XXII. 
330 |a Своеобразный философский "календарь" - "Круг чтения" - день за днем освещает многогранную и духовную жизнь человека.Л. Н. Толстой знакомит читателей с изречениями великих мудрецов о Боге и Разуме, вере и неверии, любви и самоотречении и многом другом. Здесь изречения евангельской мудрости, афоризмы из Талмуда, Корана, буддийского и конфуцианского учений. Тематический подбор изречений сочетается с "житиями" - краткими биографиями мудрецов, таких, как Будда, Сократ, Паскаль и др. Особую эмоциональную роль выполняют включенные в систему "Круга" произведения художетвенной литературы. 
600 1 |a Толстой  |g Лев Николаевич  |f 1829-1910  |c граф  |c русский писатель  |c член-корреспондент, почетный академик Петербургской АН  |b Л. Н.  |2 stltpush  |3 (RuTPU)RU\TPU\pers\497 
610 1 |a философия 
610 1 |a персоналии 
686 |a Ч611.68  |v LBC/SL-A  |2 rubbk 
700 1 |a Толстой  |b Л. Н.  |c граф  |c русский писатель  |c член-корреспондент, почетный академик Петербургской АН  |f 1829-1910  |g Лев Николаевич  |7 ca  |8 rus  |2 stltpush  |3 (RuTPU)RU\TPU\pers\497  |9 238 
702 1 |a Азарова  |b Н. И.  |g Наталья Ивановна  |4 080 
801 1 |a RU  |b 63413507  |c 20091012 
801 2 |a RU  |b 63413507  |c 20110422  |g RCR 
942 |c BK